Geografía Política (Registro nro. 3328)
[ vista simple ]
| 000 -LEADER | |
|---|---|
| fixed length control field | 00891 a2200217 4500 |
| 001 - CONTROL NUMBER | |
| control field | 40985 |
| 005 - DATE AND TIME OF LATEST TRANSACTION | |
| control field | 20260407155703.0 |
| 008 - FIXED-LENGTH DATA ELEMENTS--GENERAL INFORMATION | |
| fixed length control field | 260407a1981 arg spa d |
| 003 - CONTROL NUMBER IDENTIFIER | |
| control field | AR-UNSa-BCEJYS |
| 040 ## - CATALOGING SOURCE | |
| Original cataloging agency | AR-UNSa-BCEJYS |
| Language of cataloging | spa |
| Transcribing agency | AR-UNSa-BCEJYS |
| 080 ## - UNIVERSAL DECIMAL CLASSIFICATION NUMBER | |
| Universal Decimal Classification number | 911.3:32 |
| Common auxiliary subdivision | Geografía política |
| 020 ## - INTERNATIONAL STANDARD BOOK NUMBER | |
| International Standard Book Number | 84-281-0472-7 |
| 041 ## - LANGUAGE CODE | |
| Language code of text/sound track or separate title | spa |
| 100 1# - MAIN ENTRY--PERSONAL NAME | |
| Personal name | Sanguin, André-Louis |
| 245 10 - TITLE STATEMENT | |
| Title | Geografía Política |
| 264 #1 - PRODUCTION, PUBLICATION, DISTRIBUTION, MANUFACTURE, AND COPYRIGHT NOTICE | |
| Place of production, publication, distribution, manufacture | Barcelona : |
| Name of producer, publisher, distributor, manufacturer | Oikos-tau |
| Date of production, publication, distribution, manufacture, or copyright notice | 1981 |
| 300 ## - PHYSICAL DESCRIPTION | |
| Extent | 161 p. |
| Dimensions | 21 cm. |
| 505 ## - FORMATTED CONTENTS NOTE | |
| Formatted contents note | Parte I: La geografía y el estado: 1. El territorio político - 2. El estado nacional - Parte II: Política pública y geografía : 1. La organización local y regional - 2. El comportamiento electoral - Parte III: Geografía y asuntos internacionales : 1. El espacio acuático, aéreo y cósmico - 2. El sistema internacional |
| 590 ## - LOCAL NOTE (RLIN) | |
| Local note | niveau_biblio:m niveau_hierar:0 |
| 942 ## - ADDED ENTRY ELEMENTS (KOHA) | |
| Koha item type | |
| Withdrawn status | Lost status | Damaged status | Not for loan | Home library | Current library | Shelving location | Date acquired | Total checkouts | Full call number | Barcode | Date last seen | Price effective from | Koha item type |
|---|---|---|---|---|---|---|---|---|---|---|---|---|---|
| Biblioteca Prof. Eusebio Cleto del Rey | Biblioteca Prof. Eusebio Cleto del Rey | 07/04/2026 | 911.3:32 S225 | L33435 | 07/04/2026 | 07/04/2026 | Libro |